DreamWorks Movies - Sudden Death - Statistics

General Stats
  • This quiz has been taken 2,738 times
  • The average score is 8 of 34
Answers on the Grid
Answers color-coded by a green-red scale on the quiz's grid according to % correct below.
A Bug's Life
A Christmas Carol
Abominable
Antz
Bee Movie
Captain Underpants: The First Epic Movie
Cars
Chicken Run
Coraline
Despicable Me
Epic
Fantastic Mr. Fox
Ferdinand
Finding Nemo
Flushed Away
Home
Hoodwinked!
Horton Hears a Who!
How to Train Your Dragon
Ice Age
Joseph: King of Dreams
Kung Fu Panda
Madagascar
Megamind
Migration
Minions
Monsters University
Monsters vs. Aliens
Monsters, Inc.
Mr. Peabody and Sherman
Open Season
Orion and the Dark
Over the Hedge
Penguins of Madagascar
Puss in Boots
Rio
Rise of the Guardians
Road to El Dorado
Robots
Ron's Gone Wrong
Ruby Gillman, Teenage Kraken
Shark Tale
Shrek
Sinbad: Legend of the Seven Seas
Sing
Spies in Disguise
Spirit: Stallion of the Cimarron
The Adventures of Tintin
The Bad Guys
The Boss Baby
The Croods
The Grinch
The Incredibles
The Lorax
The Mitchells vs. the Machines
The Peanuts Movie
The Polar Express
The Prince of Egypt
The Sea Beast
The Secret Life of Pets
The Super Mario Bros. Movie
The Wild Robot
Toy Story
Trollhunters: Rise of the Titan
Trolls
Turbo
Vivo
Wallace and Gromit: The Curse of the Were-Rabbit
 
Answer Stats
Answer % Correct
Shrek
44%
Kung Fu Panda
38%
Puss in Boots
35%
How to Train Your Dragon
34%
Madagascar
34%
Megamind
32%
Penguins of Madagascar
29%
Bee Movie
28%
Shark Tale
28%
Monsters vs. Aliens
27%
The Boss Baby
26%
The Croods
26%
Trolls
24%
Antz
23%
Rise of the Guardians
23%
The Prince of Egypt
23%
Over the Hedge
22%
Road to El Dorado
22%
Turbo
22%
Flushed Away
21%
Mr. Peabody and Sherman
20%
Chicken Run
19%
The Bad Guys
19%
Home
18%
Sinbad: Legend of the Seven Seas
18%
Spirit: Stallion of the Cimarron
18%
The Wild Robot
18%
Wallace and Gromit: The Curse of the Were-Rabbit
17%
Captain Underpants: The First Epic Movie
16%
Abominable
15%
Joseph: King of Dreams
15%
Ruby Gillman, Teenage Kraken
14%
Trollhunters: Rise of the Titan
9%
Orion and the Dark
8%
No matching quizzes found
Score Distribution
Percent of People with Each Score
Percentile by Number Answered
Your Score History
You have not taken this quiz